| 000 | 00576nam a2200181Ia 4500 | ||
|---|---|---|---|
| 005 | 20250508155844.0 | ||
| 008 | 008 250505s9999 xx 000 0 eng d | ||
| 037 | _aDissertations | ||
| 040 |
_aFEDL _beng _cFEDL |
||
| 041 |
_aeng _2eng |
||
| 084 |
_a371.2, KHA/DI _qFEDL |
||
| 100 |
_aKhasi Bal Krishan _9767693 |
||
| 245 | 0 | _aEvolving evaluative criteria for assessing the work of heads of higher secondary schools | |
| 300 | _a73p. | ||
| 546 | _aM.Ed. Dissertations, 1961 (Delhi University) | ||
| 942 |
_cDIS _h371.2, KHA/DI |
||
| 999 |
_c1359658 _d1359658 |
||